A varannói műkedvelők
... pripravujú na október 1902 hru Gézu Gárdonyiho: Víno. Scénu pre toto i ďaľšie predstavenia zhotoví poslucháč akademického maliarstva Gejza Zoltán. Správa vyzýva Sninu aj Stropkov aby nasledovali príklad Vranova.
| Médium: | Článok |
|---|---|
| Jazyk: | Hungarian |
| Témy: | |
| Zdroj: |
1. Felső-Zemplén : Társadalmi hetilap 1. Roč. 7, č. 38 (18.09.1902) s. 3 |
| LEADER | 01037nab#a2200313#ar4500 | ||
|---|---|---|---|
| 001 | 000076983 | ||
| 003 | SVKKK | ||
| 005 | 20060717xxxxxxx. | ||
| 008 | 06 c xo huno | ||
| FMT | |||
| 038 | |a SVKKK | ||
| 040 | |a SVKKK |b slo |e AACR2 | ||
| 041 | 0 | |a hun | |
| 044 | |a xo |c SK | ||
| 080 | |a 792.077 | ||
| 242 | 1 | 0 | |a Vranovskí ochotníci |
| 245 | 0 | 0 | |a A varannói műkedvelők |
| 520 | 2 | |a ... pripravujú na október 1902 hru Gézu Gárdonyiho: Víno. Scénu pre toto i ďaľšie predstavenia zhotoví poslucháč akademického maliarstva Gejza Zoltán. Správa vyzýva Sninu aj Stropkov aby nasledovali príklad Vranova. | |
| 650 | 0 | 4 | |a ochotníci divadelní - Gárdonyi, Géza: Víno (hra divadelná) - predstavenie pripravované - Vranov - rok 1902 - správy |
| 773 | 0 | |t Felső-Zemplén : Társadalmi hetilap |g Roč. 7, č. 38 (18.09.1902) s. 3 | |
| 957 | |a Snina | ||
| 957 | |a Stropkov | ||
| 957 | |a Vranov | ||
| 958 | |a DG | ||
| 958 | |a SK | ||
| 974 | |a Ba |d 20060717 | ||
| 992 | |a RBX | ||
| BAS | |||
| 998 | |a RETRO | ||